000 00290nam a22001337a 4500
008 170328b xxu||||| |||| 00| 0 eng d
020 _a0835930882
041 _aeng
080 _a615.83
100 _a8
101 _ashm
245 _aTHERAPEUTIC EXERCISE
_cSULLIVAN.P.E
942 _2udc
_cBK
999 _c8781
_d8781